Can You Name All The Characteristics Of Colt From Brawl Stars? - Statistics

General Stats
  • This quiz has been taken 2 times
  • The average score is 2 of 15
Answer Stats
Hint Answer % Correct
Rarity Rare
100%
Prestige Title Pew Pew Pew
50%
Title Pretty
50%
Voice Actor Billy Kametz
0%
Super Bullet Storm
0%
Class Damage Dealler
0%
Hypercharge Dual Wielding
0%
Star Power Magnum Special
0%
Trait No
0%
Trio Ranger Ranch
0%
Gadgets Silver Bullet
0%
Attack Six-Shooters
0%
Star Power Slick Boots
0%
Gadgets Speedloader
0%
Buffies Yes
0%
No matching quizzes found
Score Distribution
Percent of People with Each Score
Percentile by Number Answered
Your Score History
You have not taken this quiz